| 000 | 01149nam a2200349Ia 4500 | ||
|---|---|---|---|
| 001 | Z_2812 | ||
| 003 | CHAP | ||
| 008 | 220113s1986 xx 000 0 und d | ||
| 010 | _a165855 | ||
| 020 | _a968-25-1243-8 (vol.1) \ 968-25-1244-1 (vol.2) | ||
| 040 | _cCHAP | ||
| 082 | _a636.0824 M33 1986 | ||
| 100 |
_aMcDonald, L. E. _9138393 |
||
| 240 | _aVeterinary endocrinology and reproduction | ||
| 245 |
_aVeterinaria : reproducción y endocrinología veterinarias / _cL. E. McDonald; traducción Georgina Guerrero |
||
| 250 | _a2a ed. | ||
| 260 |
_aMéxico : _bInteramericana, _c1986 |
||
| 300 | _a2 v. | ||
| 500 | _aTraducción de la obra en inglés: Veterinary endocrinology and reproduction 2a ed. en inglés | ||
| 503 | _aej.1 v.1: 136481 \ ej.1 v.2: 136481 | ||
| 504 | _aIncluye bibliografía e índice | ||
| 650 |
_aAnimales domésticos _x _x Reproducción _9138394 |
||
| 650 |
_aEndocrinología veterinaria _9138395 |
||
| 650 |
_aReproduccion animal _996028 |
||
| 700 |
_aGuerrero, Georgina, tr. _9139898 |
||
| 901 | _a636.0824 M33 1986 | ||
| 902 | _aM | ||
| 910 | _a1986 | ||
| 942 | _c1 | ||
| 942 | _cc1 | ||
| 999 |
_c165855 _d165855 |
||